00890cam a22002655a 450000500170000000800410001701000130005802000260007103500130009703500170011003700200012704000180014708200060016510000330017124500750020426000290027927000840030830000280039250000180042065000540043865000490049265000330054165000320057470000180060620090122103020.0080922s2007 enk j 000 f eng  aB-358949 a9788128614712c199.00 aB-358949 aB-333290-319 bBlueberry Books adplbEnglish  aN aJohns, W. E.q(William Earl) aBiggles: the wotan sword /cby W.E. Johns; illustrated by Eric Loutte  aMumbaibEuro Booksc2007 aDani Corporate Park, 158, Vidyanagari Marg, Kalina, Santacruz bMumbai e400098 a46 p.bill.c31cm.(pbk) agraphic novel aBiggles (Fictitious character)vJuvenile fiction. aAir pilotszGreat BritainvJuvenile fiction. aChildren's stories, English. aAdventure stories, English. aLoutte, Eric